UBT Library

KNOWLEDGE ORGANIZATION AND QUALITY MANAGEMNET (Record no. 60243)

000 -LEADER
fixed length control field 00351nam a22001457a 4500
008 - FIXED-LENGTH DATA ELEMENTS--GENERAL INFORMATION
fixed length control field 230901b ||||| |||| 00| 0 eng d
020 ## - INTERNATIONAL STANDARD BOOK NUMBER
International Standard Book Number 9783886720233
041 ## - LANGUAGE CODE
Language code of text/sound track or separate title eng
080 ## - UNIVERSAL DECIMAL CLASSIFICATION NUMBER
Edition identifier VOLUME4
Universal Decimal Classification number 338
082 ## - DEWEY DECIMAL CLASSIFICATION NUMBER
Classification number 338ALB
100 ## - Rafti
Rafti 24
101 ## - Shkurtesa
Shkurtesa MBE
245 ## - TITLE STATEMENT
Title KNOWLEDGE ORGANIZATION AND QUALITY MANAGEMNET
Statement of responsibility, etc ALBRECHTSEN.H
942 ## - ADDED ENTRY ELEMENTS (KOHA)
Source of classification or shelving scheme
Item type Books
Holdings
Withdrawn status Lost status Source of classification or shelving scheme Damaged status Not for loan Collection code Permanent location Current location Date acquired Total Checkouts Full call number Barcode Date last seen Price effective from Koha item type
          Koleksioni i përgjithshem UBT - Lipjan UBT - Lipjan 09/01/2023   338ALB 002-800070160 09/01/2023 09/01/2023 Books
UBT Library © 2015-2024. All rights reserved University Education for Business and Technology